000 00487nam a2200193Ia 4500
005 20230328094841.0
008 131103s9999 xx 000 0 und d
040 _aLoreto College
041 _aEnglish
082 _a822.91
_bSHA-SEN
100 _aGupta, S. C. Sen
245 4 _aThe Art of Bernard Shaw
_cS. C. Sen, Gupta
260 _aCalcutta
_bN. M. Publisher
_c1992
300 _a192p.
504 _aIncludes index
650 _aEnglish play
850 _aLCLIB
942 _cBK
999 _c22124
_d72603